000 00357 a2200133 4500
001 90974
082 _aPR 1779
090 _c43113
_d43113
100 _aAffan Ahmed ; Prof Azhar and Salman (Advisors)
245 _aAudio Based Speaker Recogniton Phase-II
_n76th 'B' EC
260 _aRawalpindi
_bNUST
_c2014
300 _a70p
500 _aBE Project Reports
942 _aCAE NUST
_kPR 1779
999 _c326047
_d326047